Statistiken für Top 15 der betroffenen Covid-19-Länder - 13. April 2022

Klicken Sie hier um das Quiz zu spielen!

Allgemein

  • Dieses Quiz wurde 19 mal gespielt
  • Das Durchschnittsergebnis liegt bei 16 aus 29

Antwortstatistiken

Land% Korrekt
Deutschland
100%
Frankreich
100%
Russland
94%
Vereinigte Staaten
94%
Brasilien
88%
Indien
88%
Italien
88%
Spanien
88%
Vereinigtes
Königreich
81%
Argentinien
69%
Niederlande
69%
Niederlande
69%
Österreich
63%
Dänemark
56%
Portugal
56%
Schweiz
56%
Belgien
44%
Türkei
44%
Iran
38%
Tschechien
31%
Estland
25%
Lettland
25%
Litauen
25%
Georgien
19%
Slowenien
19%
Südkorea
19%
Israel
13%
Vietnam
13%
Zypern
6%

Verteilung der Resultate

Perzentil nach korrekt beantworteten Fragen

Anzahl Personen mit jedem Resultat

Ihre Resultats-Entwicklung

Sie haben dieses Quiz noch nicht gespielt